LIBRARY & INFORMATION CENTRE, KCAET, TAVANUR

ONLINE PUBLIC ACCESS CATALOGUE (OPAC)

Art and artifice in Shakespeare a study in dramati contrast and illusion / (Record no. 3503)

MARC details
000 -LEADER
fixed length control field 00417cam a2200145ua 4500
041 ## - LANGUAGE CODE
Language code of text/sound track or separate title eng
082 ## - DEWEY DECIMAL CLASSIFICATION NUMBER
Classification number 828.09
Item number STO/AR
100 ## - MAIN ENTRY--AUTHOR NAME
Personal name Stoll, Elmer dyan .
245 ## - TITLE STATEMENT
Title Art and artifice in Shakespeare a study in dramati contrast and illusion /
260 ## - PUBLICATION, DISTRIBUTION, ETC. (IMPRINT)
Place of publication London :
Name of publisher Methuen and Co. Ltd ,
Year of publication 1933.
300 ## - PHYSICAL DESCRIPTION
Number of Pages 178 ; .
942 ## - ADDED ENTRY ELEMENTS (KOHA)
Koha item type Books
Holdings
Withdrawn status Lost status Damaged status Home library Current library Date acquired Full call number Accession Number Koha item type
Withdrawn     KAUAET Malayalam University 07/04/2012 828.09 11682 Books
free website counter